[Event "N1 Reykjavik Open 2014"]
[Site "Reykjavik ISL"]
[Date "2014.03.06"]
[Round "4.39"]
[White "Sverrisson, Nokkvi"]
[Black "Pajeken, Wolfgang"]
[Result "0-1"]
[BlackTitle "FM"]
[WhiteElo "2066"]
[BlackElo "2308"]
[WhiteFideId "2304376"]
[BlackFideId "4622170"]
[EventDate "2014.03.04"]

1. e4 e5 2. Nf3 Nc6 3. Bb5 a6 4. Ba4 Nf6 5. O-O Be7 6. Re1 b5 7. Bb3 d6 8. c3
O-O 9. h3 Na5 10. Bc2 c5 11. d4 Qc7 12. Nbd2 cxd4 13. cxd4 Rd8 14. d5 Bd7 15.
Nf1 Rdc8 16. Bd3 Nb7 17. Bd2 Nc5 18. Rc1 Qb7 19. Bb1 b4 20. Ng3 Bd8 21. Be3 Bb6
22. b3 Qa7 23. Nd2 Nb7 24. Nc4 Bxe3 25. Rxe3 g6 26. Bd3 Bb5 27. Be2 Rc5 28. Nf1
Rac8 29. Nfd2 Na5 30. Qf1 Nd7 31. Ra1 Nxc4 32. Nxc4 Bxc4 33. Bxc4 Ra5 34. Qe1
Qc5 35. Qe2 Qd4 36. Rd1 Rxa2 37. Rxd4 Rxe2 38. Rxe2 exd4 39. Bxa6 Rc1+ 40. Kh2
Nc5 41. Bc4 d3 42. Rd2 Rc2 43. Rd1 Rxf2 44. Bxd3 Nxb3 45. Rb1 Nc5 46. Bc4 Rf4
47. Rxb4 Rxe4 48. Rb8+ Kg7 49. Ba2 Ra4 50. Bb1 Ra1 51. Kg3 Ra3+ 52. Kf4 Rb3 53.
Rxb3 Nxb3 54. g4 Nc5 55. h4 Nd7 56. Be4 Nc5 57. Bb1 h6 58. Bc2 Kf6 59. g5+ Kg7
60. Kg4 f6 61. Kf4 Nd7 62. Bd1 hxg5+ 63. hxg5 Ne5 64. gxf6+ Kxf6 65. Be2 g5+ 66.
Ke4 Kg6 67. Bd1 Nd7 68. Bc2 Nf6+ 69. Kf3+ Kh5 70. Bb3 Kh4 71. Bc4 g4+ 72. Kg2
Kg5 73. Kg3 Ne4+ 74. Kg2 Kf4 75. Be2 Nc3 76. Bc4 Nd1 77. Bb3 Ne3+ 78. Kf2 g3+
79. Kg1 Ke4 80. Kh1 Kd3 81. Ba4 Kc4 82. Bc6 Kd4 83. Kg1 Ke5 84. Bb7 Ke4 85. Bc6
Nf5 86. Kg2 Kf4 87. Bb7 Nh4+ 88. Kg1 Kf3 0-1

[Event "N1 Reykjavik Open 2014"]
[Site "Reykjavik ISL"]
[Date "2014.03.06"]
[Round "4.40"]
[White "Ekeberg, Carl Fredrik"]
[Black "Zhang, Fan"]
[Result "1/2-1/2"]
[WhiteTitle "FM"]
[BlackTitle "WFM"]
[WhiteElo "2303"]
[BlackElo "2104"]
[WhiteFideId "1502654"]
[BlackFideId "24609730"]
[EventDate "2014.03.04"]

1. e4 e6 2. d4 d5 3. Nd2 c5 4. exd5 Qxd5 5. dxc5 Bxc5 6. Ngf3 Nf6 7. Bc4 Qd8 8.
O-O O-O 9. Qe2 a6 10. Nb3 Bd6 11. a4 h6 12. Rd1 Qc7 13. a5 Nc6 14. Be3 Re8 15.
Bb6 Qe7 16. Qd3 Ne5 17. Nxe5 Bxe5 18. c3 Nd7 19. Be3 Bc7 20. Qe4 Kh8 21. Be2 f5
22. Qc4 Nf6 23. Bc5 Qf7 24. Bf3 Nd7 1/2-1/2

[Event "N1 Reykjavik Open 2014"]
[Site "Reykjavik ISL"]
[Date "2014.03.06"]
[Round "4.41"]
[White "Khademalsharieh, Sarasadat"]
[Black "Szalontay, Mihaly"]
[Result "1-0"]
[WhiteTitle "WGM"]
[WhiteElo "2294"]
[BlackElo "2066"]
[WhiteFideId "12512214"]
[BlackFideId "746967"]
[EventDate "2014.03.04"]

1. d4 Nf6 2. Nf3 e6 3. c4 b6 4. g3 Bb7 5. Bg2 Be7 6. O-O O-O 7. Nc3 Ne4 8. Bd2
d5 9. cxd5 exd5 10. Rc1 Nd7 11. Bf4 c5 12. dxc5 Ndxc5 13. Nb5 Ne6 14. Be3 Qd7
15. Nfd4 Nxd4 16. Nxd4 Bd6 17. Qd3 Rad8 18. Rfd1 Nc5 19. Qf5 Ne6 20. Bh3 Nxd4
21. Bxd4 Qe7 22. Qd3 Rfe8 23. Bf5 h5 24. Rd2 Bc8 25. Bxc8 Rxc8 26. Rxc8 Rxc8 27.
Bc3 Bb4 28. Bxb4 Qxb4 29. Qxd5 Rc1+ 30. Kg2 g6 31. a3 Qa4 32. Qe5 Rd1 33. Rxd1
Qxd1 34. Qb8+ Kg7 35. Qxa7 Qxe2 36. Qxb6 Qe4+ 37. f3 Qe5 38. Kf2 h4 39. Qb4
hxg3+ 40. hxg3 Qe6 41. Qd4+ Kg8 42. g4 Qe7 43. b4 Qh4+ 44. Kg2 Qe1 45. Qb2 f5
46. gxf5 gxf5 47. Qc2 Qe5 48. a4 f4 49. b5 Kf8 50. Qe4 Qg7+ 51. Kf1 Qa1+ 52. Ke2
Qb2+ 53. Kd1 Qb3+ 54. Kc1 Qc3+ 55. Kd1 Qb3+ 56. Kd2 Qb2+ 57. Qc2 Qd4+ 58. Kc1
Qa1+ 59. Qb1 Qc3+ 60. Qc2 Qa1+ 61. Kd2 Qd4+ 62. Qd3 Qb2+ 63. Ke1 Qa1+ 64. Qd1
Qc3+ 65. Kf2 Qb2+ 66. Kf1 Qb4 67. Qc2 Qd4 68. Qb3 Qa1+ 69. Ke2 Qe5+ 70. Kd2 Qd4+
71. Kc2 Qf2+ 72. Kb1 Qg1+ 73. Ka2 Qd4 74. b6 Qd2+ 75. Ka3 Qc1+ 76. Kb4 Qe1+ 77.
Qc3 Qb1+ 78. Ka5 Qf5+ 79. Ka6 1-0

[Event "N1 Reykjavik Open 2014"]
[Site "Reykjavik ISL"]
[Date "2014.03.06"]
[Round "4.42"]
[White "Raddatz, Michael"]
[Black "Kristinsson, Jon"]
[Result "0-1"]
[WhiteElo "2044"]
[BlackElo "2290"]
[WhiteFideId "4613252"]
[BlackFideId "2300141"]
[EventDate "2014.03.04"]

1. e4 e5 2. b3 Nf6 3. d3 Nc6 4. Bb2 Bc5 5. Nf3 Ng4 6. d4 exd4 7. Bd3 d5 8. O-O
O-O 9. exd5 Qxd5 10. Nc3 Qd8 11. Ne4 Bb6 12. Ng3 Nge5 13. Nxe5 Nxe5 14. Bxh7+
Kxh7 15. Qh5+ Kg8 16. Qxe5 Re8 17. Qf4 c5 18. Rae1 Be6 19. Ne4 Bc7 20. Qf3 Qd5
21. Bc1 b6 22. Bf4 Bxf4 23. Qxf4 Bf5 24. f3 Bg6 25. Re2 Re6 26. Rfe1 Rae8 27.
Ng5 Re3 28. Rxe3 dxe3 29. h4 f6 30. Nh3 Qd2 31. Qc4+ Kh7 32. Qe2 Bxc2 33. Kh2
Bb1 34. f4 Qxe2 35. Rxe2 Bxa2 36. f5 Bxb3 37. g4 Bd1 0-1

[Event "N1 Reykjavik Open 2014"]
[Site "Reykjavik ISL"]
[Date "2014.03.06"]
[Round "4.43"]
[White "Longo, Tyler"]
[Black "Ponomarenko, Alexandr"]
[Result "0-1"]
[BlackTitle "IM"]
[WhiteElo "1961"]
[BlackElo "2274"]
[WhiteFideId "2607034"]
[BlackFideId "14122456"]
[EventDate "2014.03.04"]

1. d4 Nf6 2. Nf3 e6 3. e3 Be7 4. Bd3 d5 5. O-O O-O 6. b3 b6 7. Bb2 Bb7 8. Ne5
Nbd7 9. Nd2 Ne4 10. f3 Nxd2 11. Qxd2 Nf6 12. Ng4 Nxg4 13. fxg4 Bd6 14. Rf3 Qg5
15. Qe2 g6 16. e4 e5 17. Raf1 exd4 18. Bxd4 dxe4 19. Bxe4 Rae8 20. Re3 Bf4 21.
h4 Bxe3+ 22. Bxe3 Qe5 23. Bxb7 Qxe3+ 24. Qxe3 Rxe3 25. Kf2 Rfe8 26. Bf3 Rc3 27.
Bd1 b5 28. Re1 Rxe1 29. Kxe1 b4 30. Kd2 Rc5 31. Kc1 h5 32. Kb2 Kg7 33. a4 Kh6
34. Kc1 Rd5 35. gxh5 gxh5 36. Bf3 Rd4 37. g3 a5 38. Be2 f5 39. Bd3 f4 0-1

[Event "N1 Reykjavik Open 2014"]
[Site "Reykjavik ISL"]
[Date "2014.03.06"]
[Round "4.44"]
[White "Constantinou, Peter"]
[Black "Pupols, Viktors"]
[Result "1/2-1/2"]
[WhiteTitle "FM"]
[WhiteElo "2270"]
[BlackElo "2049"]
[WhiteFideId "413038"]
[BlackFideId "2008009"]
[EventDate "2014.03.04"]

1. d4 d5 2. c4 e6 3. Nf3 c6 4. Nbd2 Nd7 5. e4 dxe4 6. Nxe4 Ngf6 7. Nc3 Bd6 8.
Be2 O-O 9. Bg5 Qc7 10. O-O b6 11. a3 Bb7 12. b4 Rfe8 13. Re1 Rad8 14. Qb3 Be7
15. Bh4 Nh5 16. Bxe7 Rxe7 17. c5 Nf4 18. Ne4 Nxe2+ 19. Rxe2 Nf6 20. Nxf6+ gxf6
21. Qe3 Ba6 22. Ree1 Ree8 23. Qh6 Qe7 24. Re3 Kh8 25. Nh4 Qf8 26. Qxf6+ Qg7 27.
Qxg7+ Kxg7 28. Rae1 Kf8 29. Nf3 bxc5 30. dxc5 Bc4 31. Ng5 Bd5 32. Nxh7+ Ke7 33.
Ng5 a5 34. h4 axb4 35. axb4 Ra8 36. f4 Ra4 37. f5 Rxb4 38. fxe6 f6 39. Ne4 Rg8
40. R1e2 Bc4 41. Re1 Kxe6 42. Rf3 f5 43. Nd6+ Kd7 44. Rf4 Rg4 45. Rxg4 fxg4 46.
Re4 g3 47. Re1 Bd5 48. Nf5 Rb2 49. Ne3 Be4 50. h5 Ke6 51. Nd1 Rxg2+ 52. Kf1 Rh2
53. Rxe4+ Kd5 54. Rg4 Rxh5 55. Nc3+ Kxc5 56. Ne4+ Kb6 57. Nxg3 Rh2 58. Rf4 Ra2
59. Ne4 Rc2 60. Ke1 Rh2 61. Nf2 Rh5 62. Kd2 Ra5 63. Kc3 Rc5+ 64. Kd2 Ra5 65. Nd3
Rh5 66. Kc3 Rg5 67. Kc4 Rg1 68. Rf2 Rg4+ 69. Kc3 Rg3 70. Rb2+ Kc7 71. Rb4 Rh3
72. Rg4 Kb6 73. Kc4 Rh1 74. Nb2 Rh5 75. Na4+ Kc7 76. Nc3 Kb6 77. Kb4 Rf5 78. Rh4 1/2-1/2

[Event "N1 Reykjavik Open 2014"]
[Site "Reykjavik ISL"]
[Date "2014.03.06"]
[Round "4.45"]
[White "Andersen, Niels Erik"]
[Black "Grant, Jonathan I M"]
[Result "0-1"]
[WhiteElo "1940"]
[BlackElo "2255"]
[WhiteFideId "1406507"]
[BlackFideId "2400294"]
[EventDate "2014.03.04"]

1. d4 Nf6 2. c4 e6 3. Nc3 Bb4 4. e3 O-O 5. Ne2 d5 6. a3 Be7 7. Ng3 a5 8. Be2 c5
9. O-O Nc6 10. dxc5 Bxc5 11. cxd5 exd5 12. Qc2 Qe7 13. Bd3 Rd8 14. Bd2 Bg4 15.
h3 Be6 16. Nf5 Bxf5 17. Bxf5 g6 18. Bd3 d4 19. Ne4 Nxe4 20. Bxe4 dxe3 21. Bxe3
Bxe3 22. fxe3 Rac8 23. Rae1 Nd4 24. Qd1 Nc2 25. Qxc2 Rxc2 26. Bxc2 Rd2 27. Bb3
Qg5 28. Bxf7+ Kg7 0-1

[Event "N1 Reykjavik Open 2014"]
[Site "Reykjavik ISL"]
[Date "2014.03.06"]
[Round "4.46"]
[White "Olafsson, Thorvardur"]
[Black "Haldorsen, Benjamin"]
[Result "1/2-1/2"]
[WhiteElo "2254"]
[BlackElo "1994"]
[WhiteFideId "2301148"]
[BlackFideId "1512633"]
[EventDate "2014.03.04"]

1. e4 e5 2. Nf3 Nc6 3. Bb5 a6 4. Bxc6 dxc6 5. d4 exd4 6. Qxd4 Qxd4 7. Nxd4 Bd7
8. Be3 O-O-O 9. Nd2 g6 10. O-O-O Bg7 11. N2b3 b6 12. Ne2 c5 13. Bd2 Nf6 14. Bc3
Bc6 15. Rxd8+ Rxd8 16. f3 Bh6+ 17. Bd2 Bg7 18. Bg5 Re8 19. Bd2 Nd7 20. Bc3 Bh6+
21. Bd2 Bg7 22. Bc3 Bh6+ 23. Bd2 1/2-1/2

[Event "N1 Reykjavik Open 2014"]
[Site "Reykjavik ISL"]
[Date "2014.03.06"]
[Round "4.47"]
[White "Wunnink, Michael"]
[Black "Roets, Marius H."]
[Result "1-0"]
[WhiteElo "2251"]
[BlackElo "1437"]
[WhiteFideId "1005448"]
[BlackFideId "14304244"]
[EventDate "2014.03.04"]

1. d4 Nf6 2. c4 g6 3. Nc3 Bg7 4. e4 d6 5. f3 O-O 6. Nge2 a6 7. Be3 c6 8. c5 b5
9. cxb6 Qxb6 10. Qd2 a5 11. Nf4 Ba6 12. Bxa6 Qxa6 13. Nd3 Nbd7 14. O-O e5 15.
dxe5 dxe5 16. Na4 Rfd8 17. Qc2 Bf8 18. Rac1 Rac8 19. Qc4 Qb5 20. Rc2 Kg7 21.
Rfc1 Qxc4 22. Rxc4 Ne8 23. Rxc6 Rxc6 24. Rxc6 Nb8 25. Rc3 f6 26. Bb6 Rd6 27.
Bxa5 Ra6 28. b4 Bxb4 29. Bxb4 Rxa4 30. a3 Nd7 31. Rc8 Kf7 32. Nb2 Ra7 33. Nc4
Nc7 34. Nd6+ Kg7 35. Rxc7 1-0

[Event "N1 Reykjavik Open 2014"]
[Site "Reykjavik ISL"]
[Date "2014.03.06"]
[Round "4.48"]
[White "Ferreira, Alex"]
[Black "Liang, Awonder"]
[Result "0-1"]
[BlackTitle "FM"]
[WhiteElo "1933"]
[BlackElo "2237"]
[WhiteFideId "2606763"]
[BlackFideId "2056437"]
[EventDate "2014.03.04"]

1. d4 Nf6 2. Bg5 Ne4 3. Bf4 c5 4. f3 Qa5+ 5. c3 Nf6 6. Nd2 cxd4 7. Nb3 Qb6 8.
Qxd4 d6 9. Qxb6 axb6 10. e4 e5 11. Bb5+ Bd7 12. Bxd7+ Nbxd7 13. Bg5 b5 14. a3 d5
15. Bxf6 Nxf6 16. exd5 Nxd5 17. O-O-O O-O-O 18. Nh3 g6 19. g3 Bh6+ 20. Kb1 f5
21. Rhe1 b6 22. Nf2 Ne3 23. Rd3 Nc4 24. h3 Rhe8 25. Re2 Kc7 26. Kc2 Rxd3 27.
Nxd3 Kd6 28. f4 e4 29. Nb4 Bg7 30. Re1 Kc7 31. Nd2 Nxd2 32. Kxd2 Rd8+ 33. Ke2
Bf8 34. Rc1 Bc5 35. c4 bxc4 36. Rxc4 Kb7 37. g4 Bxb4 38. Rxb4 Ka6 39. a4 Rd5 40.
gxf5 gxf5 41. Rb3 Ka5 42. h4 h5 43. Ke3 Ka6 44. Ke2 Rc5 45. Kd2 Ka5 46. Ke3 Rd5
47. Ke2 b5 48. axb5 Rxb5 49. Rg3 Rxb2+ 50. Ke1 Rb5 51. Rg5 Kb4 52. Ke2 Kc4 53.
Ke3 Rb3+ 54. Ke2 Kd4 55. Rxf5 Rb2+ 56. Kd1 Ke3 57. Rxh5 Kf2 58. Re5 e3 59. f5
e2+ 60. Kc1 Rb6 0-1

[Event "N1 Reykjavik Open 2014"]
[Site "Reykjavik ISL"]
[Date "2014.03.06"]
[Round "4.49"]
[White "Thorgeirsson, Jon Kristinn"]
[Black "Teh, Eu Wen Aron"]
[Result "1/2-1/2"]
[WhiteElo "1883"]
[BlackElo "2237"]
[WhiteFideId "2307731"]
[BlackFideId "5704723"]
[EventDate "2014.03.04"]

1. e4 e5 2. Nf3 Nc6 3. Bc4 Bc5 4. c3 Nf6 5. d4 exd4 6. cxd4 Bb4+ 7. Bd2 Bxd2+ 8.
Nbxd2 d5 9. exd5 Nxd5 10. Qb3 Nce7 11. O-O O-O 12. Rac1 c6 13. Rfe1 h6 14. Ne4
Nb6 15. Bf1 Ned5 16. Nc5 Nf6 17. a4 a5 18. Ne5 Nfd5 19. Bd3 Nb4 20. Bb1 N6d5 21.
Qf3 Qh4 22. Rcd1 Qf4 23. Qb3 b6 24. Ncd3 Qf6 25. Nxb4 Nxb4 26. Rc1 Be6 27. Qe3
Rfe8 28. Qe4 g6 29. Qe3 Kg7 30. Be4 Bd5 31. Bxd5 Nxd5 32. Qh3 Re6 33. g3 Rae8
34. Qg2 Qd8 35. Qf3 R8e7 36. Red1 Nb4 37. Nxc6 Nxc6 38. Rxc6 Re1+ 39. Kg2 Rxd1
40. Qxd1 Qd5+ 41. Qf3 Qxd4 42. Qc3 1/2-1/2

[Event "N1 Reykjavik Open 2014"]
[Site "Reykjavik ISL"]
[Date "2014.03.06"]
[Round "4.50"]
[White "Heimisson, Hilmir Freyr"]
[Black "Dolzhikova, Olga"]
[Result "0-1"]
[BlackTitle "WGM"]
[WhiteElo "1761"]
[BlackElo "2212"]
[WhiteFideId "2309998"]
[BlackFideId "14105870"]
[EventDate "2014.03.04"]

1. e4 b6 2. d4 Bb7 3. Bd3 e6 4. Ne2 c5 5. c3 Nc6 6. Be3 cxd4 7. cxd4 Nb4 8. O-O
Nxd3 9. Qxd3 Nf6 10. Nbc3 Be7 11. Rac1 O-O 12. f3 d6 13. Rfd1 Rc8 14. Nf4 g5 15.
Nfe2 Nh5 16. g4 Ng7 17. d5 f5 18. dxe6 fxg4 19. fxg4 Nxe6 20. Ng3 Nf4 21. Qc2
Bf6 22. Qb3+ Kh8 23. Nb5 Rxc1 24. Bxc1 Be5 25. Be3 Qd7 26. Nf5 Bxe4 27. Bxf4
gxf4 28. Rxd6 Qc8 29. Rh6 Qc1+ 30. Kf2 Qd2+ 31. Kf1 Bd3+ 32. Kg1 Qe1+ 33. Kg2
Qf1# 0-1

[Event "N1 Reykjavik Open 2014"]
[Site "Reykjavik ISL"]
[Date "2014.03.06"]
[Round "4.51"]
[White "Bagi, Mate"]
[Black "Mehringer, Joerg"]
[Result "1-0"]
[WhiteTitle "FM"]
[WhiteElo "2385"]
[BlackElo "1927"]
[WhiteFideId "742570"]
[BlackFideId "12915351"]
[EventDate "2014.03.04"]

1. e4 e5 2. Nf3 Nc6 3. Bb5 f5 4. d3 fxe4 5. dxe4 Nf6 6. Qd3 Bc5 7. O-O d6 8. Qc4
Bd7 9. Nc3 a6 10. Bxc6 Bxc6 11. Nxe5 dxe5 12. Qxc5 Qd4 13. Be3 Qxc5 14. Bxc5 b6
15. Ba3 O-O-O 16. f3 Rd2 17. Rf2 Rhd8 18. Raf1 R8d7 19. Rxd2 Rxd2 20. Rf2 Rxf2
21. Kxf2 Kd7 22. b3 Ke6 23. Bb2 g6 24. Ne2 Bb7 25. h4 h5 26. Nc1 Nd7 27. Nd3 c5
28. Ke3 Bc6 29. g3 Bb7 30. Nf2 Nf6 31. Nh3 Nd7 32. Ng5+ Ke7 33. f4 exf4+ 34.
gxf4 Nf8 35. f5 gxf5 36. exf5 Nd7 37. Ne4 Bd5 38. Kf4 Bf7 39. Ng3 c4 40. b4 b5
41. Bd4 Nb8 42. Bc5+ Kd7 43. c3 Nc6 44. Kg5 a5 45. bxa5 Nxa5 46. Nxh5 Nb7 47.
Bb4 Nd8 48. Nf6+ 1-0

[Event "N1 Reykjavik Open 2014"]
[Site "Reykjavik ISL"]
[Date "2014.03.06"]
[Round "4.52"]
[White "Devereaux, Maxim L"]
[Black "Abrahams, Daniel"]
[Result "1-0"]
[WhiteTitle "IM"]
[WhiteElo "2345"]
[BlackElo "2055"]
[WhiteFideId "408280"]
[BlackFideId "2606879"]
[EventDate "2014.03.04"]

1. e4 d6 2. d4 Nf6 3. Nc3 e5 4. Nf3 Nbd7 5. Bc4 Be7 6. O-O O-O 7. Re1 c6 8. a4
a5 9. Ba2 exd4 10. Qxd4 Nc5 11. Bg5 Be6 12. e5 dxe5 13. Qxe5 Nfd7 14. Qg3 Bxg5
15. Nxg5 Bxa2 16. Rxa2 h6 17. Nf3 Re8 18. Rxe8+ Qxe8 19. Ra1 Ne4 20. Nxe4 Qxe4
21. Qd6 Nf6 22. Qd2 Re8 23. b3 Qb4 24. Qxb4 axb4 25. Rd1 Nd5 26. Kf1 Kf8 27. Rd4
f5 28. Nh4 Kf7 29. Nxf5 Kf6 30. Nd6 Re7 31. Nc4 g5 32. h4 Kg6 33. Nb2 Rf7 34.
Kg1 Rf4 35. Rxf4 gxf4 36. Nd3 Kh5 37. Ne5 Kxh4 38. Nf7 b6 39. Nxh6 Kg5 40. Nf7+
Kf5 41. Kf1 Ke4 42. Ke2 Kd4 43. Kd2 Nc3 44. Ng5 c5 45. Nf3+ Ke4 46. Ng1 Nb1+ 47.
Ke1 c4 48. Ne2 cxb3 49. cxb3 Nc3 50. Nxc3+ bxc3 51. Ke2 Kd4 52. g4 f3+ 53. Kd1
Kd3 54. g5 c2+ 55. Kc1 Ke2 56. g6 Kxf2 57. g7 1-0

[Event "N1 Reykjavik Open 2014"]
[Site "Reykjavik ISL"]
[Date "2014.03.06"]
[Round "4.53"]
[White "Karlsson, Mikael Johann"]
[Black "Bekker-Jensen, David"]
[Result "0-1"]
[BlackTitle "FM"]
[WhiteElo "2051"]
[BlackElo "2299"]
[WhiteFideId "2305194"]
[BlackFideId "1403095"]
[EventDate "2014.03.04"]

1. c4 g6 2. g3 Bg7 3. Bg2 e5 4. Nc3 d6 5. d3 Nc6 6. e4 h5 7. h4 Nd4 8. Bg5 f6 9.
Be3 c5 10. Nd5 Ne7 11. Qd2 Nxd5 12. cxd5 b5 13. Bxd4 cxd4 14. Rc1 Bh6 15. f4 Bd7
16. Ne2 O-O 17. Kf2 f5 18. Rc2 fxe4 19. dxe4 d3 20. Qxd3 exf4 21. Ke1 Qa5+ 22.
Qc3 Qxa2 23. Qd2 Rac8 24. Rxc8 Rxc8 25. gxf4 Qb3 26. Qd4 Bg4 27. Qf6 Qe3 28.
Qxg6+ Bg7 0-1

[Event "N1 Reykjavik Open 2014"]
[Site "Reykjavik ISL"]
[Date "2014.03.06"]
[Round "4.54"]
[White "Hardarson, Jon Trausti"]
[Black "Zeier, Klaus"]
[Result "1/2-1/2"]
[WhiteElo "2033"]
[BlackElo "2253"]
[WhiteFideId "2302594"]
[BlackFideId "4696050"]
[EventDate "2014.03.04"]

1. d4 Nf6 2. c4 e6 3. Nc3 Bb4 4. Qc2 O-O 5. a3 Bxc3+ 6. Qxc3 b6 7. Bg5 Bb7 8. e3
d6 9. Ne2 Nbd7 10. Qc2 c5 11. Rd1 Qe7 12. Nc3 Rac8 13. f3 h6 14. Bh4 cxd4 15.
Rxd4 d5 16. cxd5 exd5 17. Bf2 Nc5 18. Be2 Ne6 19. Rd2 d4 20. exd4 Nf4 21. O-O
N6d5 22. Nxd5 Bxd5 23. Qd1 Qg5 24. Bg3 Rfe8 25. Ba6 Rcd8 26. Re1 Nh5 27. Re5
Bxf3 28. Rxe8+ Rxe8 29. gxf3 Nxg3 30. hxg3 Qxg3+ 31. Kf1 1/2-1/2

[Event "N1 Reykjavik Open 2014"]
[Site "Reykjavik ISL"]
[Date "2014.03.06"]
[Round "4.55"]
[White "Langer, Michael"]
[Black "Andersen, Per O"]
[Result "1-0"]
[WhiteTitle "FM"]
[WhiteElo "2248"]
[BlackElo "2042"]
[WhiteFideId "2015064"]
[BlackFideId "1503138"]
[EventDate "2014.03.04"]

1. e4 d5 2. exd5 Nf6 3. c4 c6 4. d4 cxd5 5. Nc3 e6 6. Nf3 Be7 7. Bd3 dxc4 8.
Bxc4 O-O 9. O-O Nc6 10. a3 b6 11. Qd3 Nd5 12. Nxd5 exd5 13. Bb3 Na5 14. Bc2 g6
15. Bh6 Re8 16. Ne5 Qd6 17. Ba4 Rd8 18. b4 Nc4 19. Nc6 Nb2 20. Qe2 Nxa4 21.
Nxe7+ Kh8 22. Rfe1 Nc3 23. Qf3 Ne4 24. Qxf7 Qf6 25. Qxf6+ Nxf6 26. Bg5 Rf8 27.
Bh6 Rf7 28. Nxd5 Bf5 29. Nxf6 Rxf6 30. Re7 Re6 31. Rb7 Rae8 32. f3 R6e7 33. Rxe7
Rxe7 34. Rc1 Kg8 35. d5 Rd7 36. Rd1 Kf7 37. Bf4 Rd8 38. d6 Bd7 39. g4 Rc8 40.
Rd2 Kf8 41. Re2 Re8 42. Rc2 Rc8 43. Rc7 Rxc7 44. dxc7 Kf7 45. Kf2 Ke6 46. Kg3
Bc8 47. Kh4 Kf6 48. Be3 Bb7 49. Bd4+ Kf7 50. Kg5 Bc8 51. h3 Bb7 52. h4 Bc8 53.
h5 gxh5 54. Kxh5 Bd7 55. f4 Bc8 56. f5 Bd7 57. f6 Bc8 58. g5 Bf5 59. Kh6 Kg8 60.
Be5 Bc8 61. g6 hxg6 62. Kxg6 Be6 63. c8=Q+ Bxc8 64. f7+ 1-0

[Event "N1 Reykjavik Open 2014"]
[Site "Reykjavik ISL"]
[Date "2014.03.06"]
[Round "4.56"]
[White "Sielicki, Tomasz"]
[Black "Hoffmann, Hendrik"]
[Result "1-0"]
[BlackTitle "FM"]
[WhiteElo "2019"]
[BlackElo "2244"]
[WhiteFideId "1111400"]
[BlackFideId "4618130"]
[EventDate "2014.03.04"]

1. d4 d5 2. Bg5 h6 3. Bh4 c6 4. Nf3 Qb6 5. Qc1 Bf5 6. e3 e6 7. Nbd2 Nd7 8. c4
Ngf6 9. c5 Qc7 10. b4 Nh5 11. h3 g5 12. g4 Bh7 13. Bxg5 hxg5 14. gxh5 Be7 15.
Rg1 Rg8 16. Qc3 O-O-O 17. a4 e5 18. Nb3 e4 19. Nfd2 f5 20. Na5 f4 21. Ndb3 fxe3
22. fxe3 Rdf8 23. O-O-O Qh2 24. Rg2 Qh1 25. Qe1 Qxh3 26. b5 cxb5 27. axb5 Kb8
28. c6 Nb6 29. cxb7 Rxf1 30. Qxf1 Qxe3+ 31. Kb1 Qf3 32. Nc6+ Kc7 33. Ka2 Na4 34.
Rc1 Nc3+ 35. Rxc3 Qxf1 36. Nxe7+ Kxb7 37. Na5+ Kb6 38. Rb2 Kxa5 39. Nxd5 Qf3 40.
Rc6 1-0

[Event "N1 Reykjavik Open 2014"]
[Site "Reykjavik ISL"]
[Date "2014.03.06"]
[Round "4.58"]
[White "Stigar, Petter"]
[Black "Carvalho Beserra, Juan Pablo"]
[Result "1-0"]
[WhiteTitle "FM"]
[WhiteElo "2237"]
[BlackElo "2005"]
[WhiteFideId "1500341"]
[BlackFideId "2121247"]
[EventDate "2014.03.04"]

1. Nf3 Nf6 2. c4 c5 3. g3 Nc6 4. Bg2 g6 5. O-O Bg7 6. d4 cxd4 7. Nxd4 O-O 8. Nc3
Qb6 9. Nb3 d6 10. Bg5 Be6 11. Nd5 Bxd5 12. cxd5 Ne5 13. Be3 Qa6 14. Bd4 Nh5 15.
Bxe5 Bxe5 16. Qd2 Qb6 17. Rac1 Rac8 18. Rc2 Rxc2 19. Qxc2 f5 20. Bf3 Ng7 21. Rc1
g5 22. Qc7 Qa6 23. Qa5 g4 24. Qxa6 bxa6 25. Bg2 f4 26. Be4 Bxb2 27. Rc7 fxg3 28.
hxg3 Nf5 29. Rxa7 Nd4 30. Rxe7 Nxe2+ 31. Kg2 Nc3 32. Bxh7+ Kh8 33. Bd3 Nxd5 34.
Rh7+ Kg8 35. Rd7 Nc3 36. Rxd6 Nd1 37. Bc4+ 1-0

[Event "N1 Reykjavik Open 2014"]
[Site "Reykjavik ISL"]
[Date "2014.03.06"]
[Round "4.59"]
[White "Edvardsson, Kristjan"]
[Black "Bjornsson, Eirikur K."]
[Result "1-0"]
[WhiteElo "2233"]
[BlackElo "1958"]
[WhiteFideId "2300893"]
[BlackFideId "2301563"]
[EventDate "2014.03.04"]

1. d4 d5 2. c4 e6 3. Nf3 c5 4. g3 Nc6 5. Bg2 Nf6 6. O-O Be7 7. cxd5 exd5 8. Nc3
O-O 9. dxc5 d4 10. Na4 Bf5 11. Nh4 Be6 12. b3 Nd7 13. Nf3 Nxc5 14. Nxc5 Bxc5 15.
Qc2 Be7 16. Bb2 Qd7 17. Rad1 Bf6 18. e3 Bf5 19. Qc1 Rac8 20. Qa1 Nb4 21. Bxd4
Nc2 22. Qb2 Nxd4 23. Nxd4 Rc7 24. Qa3 b6 25. Nxf5 Qxf5 26. Qd6 Rc2 27. a4 h6 28.
Qd7 Qe6 29. Qxa7 Qxb3 30. Rd7 Rc5 31. Rb7 Ra5 32. Qxa5 1-0

[Event "N1 Reykjavik Open 2014"]
[Site "Reykjavik ISL"]
[Date "2014.03.06"]
[Round "4.60"]
[White "Murray, Michael A."]
[Black "Steindorsson, Sigurdur P."]
[Result "0-1"]
[WhiteElo "2004"]
[BlackElo "2215"]
[WhiteFideId "2609126"]
[BlackFideId "2301229"]
[EventDate "2014.03.04"]

1. g3 d5 2. Bg2 e5 3. d3 Nf6 4. c4 dxc4 5. Qa4+ c6 6. dxc4 Bc5 7. Qc2 O-O 8. Bd2
Be6 9. e3 a5 10. Nf3 Nbd7 11. b3 e4 12. Ng5 Ne5 13. O-O Bf5 14. Bc3 Re8 15. Nd2
Neg4 16. h3 Nxf2 17. Kxf2 Ng4+ 18. hxg4 Qxg5 19. Rae1 Qxg4 20. Rh1 Bd6 21. Nf1
Qg6 22. Rd1 Re6 23. Rd2 Qg5 24. Rxd6 Rxd6 25. Bxe4 Bxe4 26. Qxe4 h6 27. Rh4 Re6
28. Qg4 a4 29. b4 c5 30. b5 Rae8 31. Qf3 Qg6 32. Qd1 Re4 33. Rxe4 Qxe4 34. Qd5
Qc2+ 35. Bd2 b6 36. Qc6 Re6 37. Qa8+ Kh7 38. Qa7 Qxc4 39. Ke1 Rf6 40. Nh2 Qxa2
41. Qd7 Qc2 42. Ng4 Qb1+ 0-1

[Event "N1 Reykjavik Open 2014"]
[Site "Reykjavik ISL"]
[Date "2014.03.06"]
[Round "4.61"]
[White "Gueler, Sebastian"]
[Black "Kilthau, Peter"]
[Result "1/2-1/2"]
[WhiteElo "2208"]
[BlackElo "1886"]
[WhiteFideId "4618939"]
[BlackFideId "4669371"]
[EventDate "2014.03.04"]

1. d4 e6 2. c4 d5 3. Nc3 Nc6 4. Nf3 Nf6 5. cxd5 exd5 6. Bg5 Be7 7. e3 Bg4 8.
Bxf6 Bxf6 9. Qb3 Ne7 10. Qxb7 O-O 11. Be2 Qd6 12. Qa6 Qxa6 13. Bxa6 Rab8 14. b3
Bxf3 15. gxf3 c5 16. O-O-O cxd4 17. exd4 Rb6 18. Bd3 Rc8 19. Kb2 g6 20. Rhe1 Kf8
21. Bf1 Rbc6 22. Rd3 Rxc3 23. Rxc3 Bxd4 24. Rc1 a5 25. a3 Rc7 26. b4 axb4 27.
axb4 Nc8 28. Kb3 Rxc3+ 29. Rxc3 Bxc3 30. Kxc3 Ke7 31. Ba6 Nb6 32. Kd4 Kd6 33.
Bb7 h5 34. b5 f6 35. Bc6 g5 36. Be8 h4 37. Bf7 f5 38. Bg8 Nd7 39. Bxd5 Nf6 40.
Bf7 g4 41. b6 f4 42. Bc4 g3 43. fxg3 hxg3 44. hxg3 fxg3 45. Bf1 Kc6 46. Ke5 Nd7+
47. Ke6 Nc5+ 48. Ke7 Nd3 1/2-1/2